Ike: The Dwight Eisenhower Presidency - Statistics

General Stats
  • This quiz has been taken 220 times
  • The average score is 9 of 20
Answer Stats
Hint Answer % Correct
. . . as well as this one Hawaii
77%
This territory became a state . . . Alaska
71%
This war was at a stalemate shortly after he took office: Korean
69%
Campaign slogan I like Ike
61%
While President, he quietly opposed the anti-communist work of this person Joseph McCarthy
60%
His grandson married the daughter of this President Richard Nixon
58%
His Democratic opponent in 1952 and 1956 Adlai Stevenson
49%
State of his birth Texas
49%
In 1956, he established the Interstate _____ _____ Highway System
48%
Grew up in this state Kansas
47%
He retired to a farm near this battlefield Gettysburg
46%
His running mate Richard Nixon averted a crisis when he delivered this speech which mentioned his dog: Checkers
44%
Wife's first name Mamie
38%
Responsible for DDay action called Operation Overlord
35%
Appointed this man to be Chief Justice of the Supreme Court Earl Warren
32%
First of several health crises came in 1955 heart attack
28%
In response to the Soviet Union, Ike established this agency NASA
27%
His rank at the end of World War 2 5 star general
24%
To be appointed to his staff, a person should be good at this card game: bridge
20%
Ike played almost ___________ rounds of golf as President. 800
10%
No matching quizzes found
Score Distribution
Percent of People with Each Score
Percentile by Number Answered
Your Score History
You have not taken this quiz